Państwa upadłe po 89' ze stolicami - Statystyki

Ogólne statystyki
  • Ten quiz został rozwiązany 121 razy
  • Średni wynik to 15 z 18
Statystyki odpowiedzi
Podpowiedź Kraje Stolice % Poprawnych
ZSRR Rosja Moskwa
100%
ZSRR Litwa Wilno
97%
RFN Niemcy Berlin
96%
NRD Niemcy Berlin
96%
ZSRR Łotwa Ryga
96%
ZSRR Ukraina Kijów
94%
ZSRR Białoruś Mińsk
93%
Czechosłowacja Czechy Praga
93%
Jugosława Chorwacja Zagrzeb
91%
Jugosławia Serbia Belgrad
86%
Czechosłowacja Słowacja Bratysława
86%
Jugosławia Bośnia i Hercegowina Sarajewo
83%
ZSRR Mołdawia Kiszyniów
78%
Jugosławia Słowenia Lublana
75%
Jugosławia Kosowo Prisztina
74%
Jugosławia Macedonia północna Skopje
74%
Jugosławia Czarnogóra Podgorica
72%
ZSRR Estonia Talinn
63%
Nie znaleziono quizów pasujących do podanych kryteriów
Rozkład punktacji
Procent ludzi z każdym wynikiem
Percentyl według liczby udzielonych odpowiedzi
Twoja historia wyników
Nie rozwiązałeś tego quizu